Engineering graphics
Bewaard in:
| Hoofdauteur: | |
|---|---|
| Formaat: | Boek |
| Taal: | Engels |
| Gepubliceerd in: |
Englewood Cliffs
Prentice-Hall
1984
|
| Onderwerpen: | |
| Tags: |
Voeg label toe
Geen labels, Wees de eerste die dit record labelt!
|
MARC
| LEADER | 00000nam a2200000 a 4500 | ||
|---|---|---|---|
| 001 | UCV7066 | ||
| 003 | CL-VaPUC | ||
| 008 | 920513e19840000US |||||||||||||||||eng|d | ||
| 082 | 0 | 4 | |a 604.2 |b SPE |2 21 |
| 100 | 0 | |a Spence, William P |e author |9 301075 | |
| 245 | 1 | 0 | |a Engineering graphics |
| 300 | |a 770 p | ||
| 942 | |c BK | ||
| 945 | |d 19920513 00:00:00 | ||
| 260 | |a Englewood Cliffs |b Prentice-Hall |c 1984 | ||
| 650 | 7 | |a DIBUJO TECNICO |2 CL-VaPUC |9 301076 | |
| 650 | 7 | |a INGENIERIA GRAFICOS |2 CL-VaPUC |9 264034 | |
| 583 | |a last modification |c 20120517 11:21:44 |k Rodrigo Vera | ||
| 999 | |c 212812 |d 212810 | ||
| 952 | |0 0 |1 0 |4 0 |6 604_200000000000000_SPE_1984 |7 0 |8 A |9 194456 |a BIBING |b BIBING |d 2019-11-14 |i 2626438 |o 604.2 SPE 1984 |p 2626438 |r 2025-01-20 |w 2019-11-14 |y BK |k EIQ | ||